| 000 | 00613nam a22002057a 4500 | ||
|---|---|---|---|
| 005 | 20251108164256.0 | ||
| 008 | 250721s9999 xx 000 0 ara d | ||
| 082 | 1 | 4 | _a330.15/فري |
| 100 | 1 | _aفريدمن، مليتون | |
| 245 | 1 | 0 | _aالرأسمالية و الحرية / |
| 264 | 1 |
_aطرابلس ( ليبيا ) : _bالدار الجماهيرية للنشر، _c[19-]. |
|
| 300 | _a191ص | ||
| 650 | 1 | 7 | _aالرأسمالية |
| 650 | 1 | 7 | _aالإقتصاد |
| 650 | 1 | 7 | _aالسياسة |
| 650 | 1 | 7 | _aرؤوس الأموال |
| 650 | 1 | 7 | _aالرأسماليون |
| 942 |
_2ddc _cBK |
||
| 999 |
_c8134 _d8134 |
||